A course in game theory / (Record no. 14533)
[ view plain ]
| 000 -LEADER | |
|---|---|
| fixed length control field | 00702cam a2200229 a 4500 |
| 001 - CONTROL NUMBER | |
| control field | TB12012 |
| 003 - CONTROL NUMBER IDENTIFIER | |
| control field | IN-BhIIT |
| 005 - DATE AND TIME OF LATEST TRANSACTION | |
| control field | 20260121150515.0 |
| 008 - FIXED-LENGTH DATA ELEMENTS--GENERAL INFORMATION | |
| fixed length control field | 940216s1994 maua b 001 0 eng |
| 020 ## - INTERNATIONAL STANDARD BOOK NUMBER | |
| ISBN | 9780262650403 (pbk.) |
| 040 ## - CATALOGING SOURCE | |
| Original cataloging agency | IN-BhIIT |
| 041 ## - LANGUAGE CODE | |
| Language code of text | eng. |
| 082 00 - DEWEY DECIMAL CLASSIFICATION NUMBER | |
| Classification number | 519.3 |
| Book number | OSB/C |
| 100 1# - MAIN ENTRY--AUTHOR NAME | |
| Personal name | Osborne, Martin J. |
| Relator term | Author |
| 245 12 - TITLE STATEMENT | |
| Title | A course in game theory / |
| Statement of responsibility, etc | by Martin J. Osborne and Ariel Rubinstein. |
| 260 ## - PUBLICATION, DISTRIBUTION, ETC. (IMPRINT) | |
| Place of publication | Cambridge, Mass. : |
| Name of publisher | MIT Press, |
| Year of publication | c1994. |
| 300 ## - PHYSICAL DESCRIPTION | |
| Number of Pages | xv, 352 p. : |
| Other physical details(ill.) | ill. ; |
| Dimensions(size) | 24 cm. |
| 504 ## - BIBLIOGRAPHY, ETC. NOTE | |
| Bibliography, etc | Includes bibliographical references and index. |
| 650 #0 - SUBJECT ADDED ENTRY--TOPICAL TERM | |
| Topical Term | Game theory. |
| 700 1# - ADDED ENTRY--PERSONAL NAME | |
| Personal name | Rubinstein, Ariel. |
| Relator term | Joint author |
| 942 ## - ADDED ENTRY ELEMENTS (KOHA) | |
| Koha item type | Text Book |
| Koha issues (borrowed), all copies | 3 |
| Withdrawn status | Lost status | Damaged status | Not for loan | Collection code | Home library | Current library | Date acquired | Source of acquisition | Cost, normal purchase price | Full call number | Accession Number | Cost, replacement price | Price effective from | Koha item type |
|---|---|---|---|---|---|---|---|---|---|---|---|---|---|---|
| Not withdrawn | Not Lost | not damaged | Central Library, IIT Bhubaneswar | Central Library, IIT Bhubaneswar | 10/12/2024 | 22 | 3392.27 | 519.3 OSB/C | TB12014 | 4646.95 | 10/12/2024 | Text Book | ||
| Not withdrawn | Not Lost | not damaged | Central Library, IIT Bhubaneswar | Central Library, IIT Bhubaneswar | 10/12/2024 | 22 | 3392.27 | 519.3 OSB/C | TB12015 | 4646.95 | 10/12/2024 | Text Book | ||
| Not withdrawn | Not Lost | not damaged | Central Library, IIT Bhubaneswar | Central Library, IIT Bhubaneswar | 10/12/2024 | 22 | 3392.27 | 519.3 OSB/C | TB12012 | 4646.95 | 10/12/2024 | Course Reserve | ||
| Not withdrawn | Not Lost | not damaged | Central Library, IIT Bhubaneswar | Central Library, IIT Bhubaneswar | 10/12/2024 | 22 | 3392.27 | 519.3 OSB/C | TB12016 | 4646.95 | 10/12/2024 | Text Book | ||
| Not withdrawn | Not Lost | not damaged | Central Library, IIT Bhubaneswar | Central Library, IIT Bhubaneswar | 10/12/2024 | 22 | 3392.27 | 519.3 OSB/C | TB12013 | 4646.95 | 10/12/2024 | Text Book | ||
| Not withdrawn | Not Lost | not damaged | Central Library, IIT Bhubaneswar | Central Library, IIT Bhubaneswar | 10/12/2024 | 22 | 3392.27 | 519.3 OSB/C | TB12017 | 4646.95 | 10/12/2024 | Text Book |